00696nam a22001817a 4500003000900000008004100009040007100050082002200121100001800143245002500161260003900186300002800225505020000253650001200453650001700465650001200482700002000494AR-CdUCM190322b ||||| |||| 00| 0 spa d aMUNICIPALIDAD PROVINCIAL DEL CUSCOcBIBLIOTECA MUNICIPAL DEL CUSCO 23 ed.a512 /bR44 aRees, Paul K. aAlgebra intermedia / aNew york : bMcgraw - Hill,c1966. a340 páginas ;c24 cm. aContenIdo : Capítulo I : La fórmula operaciones fundamentales -- Capítulo II : Las cuatro operaciones fundamentales Capítulo III : Productos especiales y descomposición en factores ...  aAlgebra aMatemática aCiencia aSparks, Fred W.